Trasplante de órganos, bioética y legislación comparada (Registro nro. 316473)

Detalles MARC
000 -ENCABEZADO
Número de control [NR] 01076 a2200253 4500
005 - FECHA Y HORA DE LA ÚLTIMA TRANSACCIÓN
control field 20191108140553.0
008 - DE LONGITUD FIJA DE DATOS DE ELEMENTOS - INFORMACIÓN GENERAL
Elementos de longitud fija [NR] 191108s2012 ck ||||| |||| 00| 0 spa d
020 ## - NUMERO INTERNACIONAL NORMALIZADO PARA LIBROS [R]
Número Internacional Normalizado del libro [NR] 9789589810774
040 ## - FUENTE DE CATALOGACION [NR]
Agencia de catalogación original [NR] CO-BoUCM
Idioma de catalogación [NR] spa
Quien Cataloga Saul Niño
Quien Clasifica Saul Niño
041 0# - CODIGO DE IDIOMA [R]
Código de idioma para texto/pista de sonido o título separado [R] Español
100 10 - ASIENTO PRINCIPAL--NOMBRE PERSONAL [NR]
Nombre personal [NR] Guerra García, Yolanda M.
ID Autoridad 99188
245 04 - MENCION DE TITULO [NR]
Título [NR] Trasplante de órganos, bioética y legislación comparada
Mención de responsabilidad, etc. [NR] Yolanda M. Guerra García, Misael Tirado Acero, Álvaro E. Márquez Cárdenas
260 ## - PUBLICACION, DISTRIBUCION, ETC. (PIE DE IMPRENTA) [R]
Lugar de publicación, distribución, etc. [R] [Bogotá (Colombia)]
Nombre del editor, distribuidor, etc. [R] Universidad Militar Nueva Granada
Fecha de publicación, distribución, etc. [R] 2012
300 ## - DESCRIPCION FISICA [R]
Extensión [R] 178 páginas
650 #7 - ASIENTO SECUNDARIO DE MATERIA - TERMINO TEMATICO [R]
9 (RLIN) 25728
Término temático o nombre geográfico como elemento de entrada [NR] Trasplantes de órganos, tejidos, etc.
Subdivisión general [R] Aspectos jurídicos
650 #7 - ASIENTO SECUNDARIO DE MATERIA - TERMINO TEMATICO [R]
9 (RLIN) 25728
Término temático o nombre geográfico como elemento de entrada [NR] Trasplantes de órganos, tejidos, etc.
Subdivisión general [R] Legislación
650 #7 - ASIENTO SECUNDARIO DE MATERIA - TERMINO TEMATICO [R]
9 (RLIN) 10102
Término temático o nombre geográfico como elemento de entrada [NR] Bioética
Subdivisión general [R] Legislación
650 #7 - ASIENTO SECUNDARIO DE MATERIA - TERMINO TEMATICO [R]
9 (RLIN) 10102
Término temático o nombre geográfico como elemento de entrada [NR] Bioética
Subdivisión general [R] Aspectos jurídicos
650 #7 - ASIENTO SECUNDARIO DE MATERIA - TERMINO TEMATICO [R]
9 (RLIN) 10811
Término temático o nombre geográfico como elemento de entrada [NR] Ciencias médicas
Subdivisión general [R] Legislación
700 10 - ASIENTO SECUNDARIO - NOMBRE PERSONAL [R]
Nombre personal [NR] Tirado Acero, Misael
9 (RLIN) 76045
700 10 - ASIENTO SECUNDARIO - NOMBRE PERSONAL [R]
Nombre personal [NR] Márquez Cárdenas, Álvaro E.
9 (RLIN) 99189
942 ## - ELEMENTOS DE ENTRADA AGREGADOS (KOHA)
Tipo de ítem principal el descrito en 300a Libro
Sistema de clasificación DEWEY
Tema principal Derecho
Edición 1
Clasificación 344.04196
Parte restante de la signatura top. G934t
Existencias
Total préstamos Signatura topográfica Código de barras Última vez visto Ejemplar Costo de reposición Price effective from Tipo de ítem Perdido Sistema de clasificación Dañado No prestable Tipo de ítem específico Suprimido Ubicación habitual Ubicación actual Localización Fecha de creación Proveedor Forma de adquisición Costo
  344.04196 G934t 100164910 03/07/2026 Ej.1 26000.00 01/11/2019 Libro   DEWEY     Libro   Claustro Claustro 3er piso 01/11/2019 12 Donación 0.00